000 00742nam a22002053 4500
001 199161
090 _a199161
100 _a20251119d u||y0pory50 ba
200 _aSatisfaȯ̂ no trabalho e no emprego
_fRobert Francs̈
_gtraduȯ̂ de Fernando Leorne ; prefc̀io Paulo Ferreira da Cunha
210 _aPorto
_cRš
_dimp. 1984
215 _a187, [7] p.
_cencadernado
_d22 cm
225 _aSociologia. 1® sřie
606 _911922
_aRelaė̳s humanas no seio da empresa. Gestô e administraȯ̂ de recursos humanos
675 _a658.3
_vPT
_zpor
700 _915061
_aFrancs̈
_bRobert
_f1919-2012
702 _911932
_aLeorne
_bFernando
702 _912591
_aCunha
_bPaulo Ferreira da
801 _aPT
_bBMMN
_gRPC
830 _cVanda
990 _cLIVROS